000 00423nam a2200181Ia 4500
001 7497
005 20260306160459.0
008 260306t2004||||xx |||||||||||||| ||spa||
041 _aESP
082 _a339
_bL26M
100 _aLarraín B., Felipe
_eAUT
245 0 _aMacroeconomía en la práctica
260 _c2004
300 _a167 páginas :
_c23 cm.
650 _aGEN
654 _aCAN
942 _cLIB
_dJUS
_fJUS
_2ddc
_n
999 _c7497
_d7497